MARC

LEADER 00000nab a2200000 4500
001 vtls012055431
003 SK-MaSNL
005 20260318114101.0
008 210524c2020 xo er n || ||00 c0ukr
015 |a SNBRB2021/05 
038 |a SVKPOCL 
040 |a SVKPOCL  |b slo  |c SVKPOCL  |e rda 
041 0 |a ukr 
043 |a e-xo--- 
044 |a xo  |c SK 
072 7 |a 784  |x Vokálna hudba  |2 konspekt 
072 7 |a 398  |x Folklór  |2 konspekt 
080 |a 784.4:005.332.4  |2 2011 
080 |a 784.4:7.092  |2 2011 
080 |a 78:7.079  |2 2011 
080 |a 398.8  |2 2011 
080 |a 7.092  |2 2011 
080 |a 316.022.4(=161.25)(437.6)  |2 2011 
080 |a (437.671)  |2 2011 
080 |a 316.022.4(=161.2)(437.6)  |2 2011 
080 |a 398.8:005.332.4  |2 2011 
080 |a 785.6  |2 2011 
100 1 |a Oleárová, Eva,  |d 1945-  |4 aut  |9 112050 
245 1 0 |a Prjašivs'kyj rehion v ohljadi narodnych pisen' «Makovyc'ka struna»  |c Jeva Olear. 
300 |b Fotografie 
336 |a text  |b txt  |2 rdacontent 
337 |a bez média  |b n  |2 rdamedia 
338 |a zväzok  |b nc  |2 rdacarrier 
500 |a V rubrike Dijal'nist' našoho Sojuzu 
600 1 7 |a Haščák, Viktor  |2 svkpocl  |9 716968 
600 1 7 |a Begeni, Peter,  |d 1944-  |2 SNKMA  |9 115191 
600 1 7 |a Poráčová, Anna,  |d 1962-  |2 SNKMA  |9 112609 
600 1 7 |a Pavlišinová, Ema  |2 svkpocl  |9 1632157 
600 1 7 |a Novotná, Diana  |2 svkpocl  |9 1327150 
600 1 7 |a Dziak, Radovan  |2 svkpocl  |9 625518 
600 1 7 |a Šašala, Radovan  |2 svkpocl  |9 1632158 
600 1 7 |a Kormaníková, Monika  |2 svkpocl  |9 715112 
600 1 7 |a Kormaníková, Júlia  |2 svkpocl  |9 1316619 
600 1 7 |a Kormaník, Nikolas  |2 svkpocl  |9 1316620 
600 1 7 |a Ljubimová, Jana  |2 svkpocl  |9 550132 
600 1 7 |a Franko, Vasiľ,  |c pedagóg  |2 svkpocl  |9 1632159 
600 1 7 |a Porubčanová, Tatiana  |2 svkpocl  |9 1632160 
610 2 7 |a Zväz Rusínov-Ukrajincov Slovenskej republiky  |2 SNKKA  |9 18604 
610 2 7 |a Zväz Rusínov-Ukrajincov Slovenskej republiky.  |b Regionálna rada (Prešov, Slovensko)  |2 svkpocl  |9 212405 
610 2 7 |a Súkromná umelecká škola DAMA (Prešov, Slovensko)  |2 svkpocl  |9 1324392 
610 2 7 |a Slovensko-ukrajinské informačné centrum (Prešov, Slovensko)  |2 svkpocl  |9 1235754 
610 2 7 |a Spevácky zbor Kataríny Alexandrijskej (Kysak, Slovensko)  |2 svkpocl  |9 1632161 
611 2 7 |a Makovická struna  |g regionálne súťaže  |n (48. :  |d 2020 :  |c Prešov, Slovensko)  |2 svkpocl  |9 1632162 
648 7 |a 2020  |2 svkpocl  |9 340435 
650 0 7 |a ľudové piesne  |2 SNKPH  |9 1941 
650 0 7 |a súťaže  |2 SNKPH  |9 3301 
650 0 7 |a rusínske piesne  |2 svkpocl  |9 327398 
650 0 7 |a ukrajinské piesne  |2 SNKPH  |9 3455 
650 0 7 |a Rusíni  |2 SNKPH  |9 4087 
650 0 7 |a regionálne súťažné prehliadky  |2 svkpocl  |9 1063434 
650 0 7 |a Ukrajinci  |2 SNKPH  |9 19025 
650 0 7 |a koncerty  |2 SNKPH  |9 19182 
651 7 |a Svidník (Slovensko)  |2 SNKPHgeo  |9 28309 
651 7 |a Hrabovčík (Slovensko)  |2 SNKPHgeo  |9 25264 
651 7 |a Slovensko  |2 SNKPHgeo  |9 14231 
773 0 |t Nove žyttja  |g Roč. 70, č. 20 (2020), s. 2 
852 |a SVKPO  |b KIS3GCP 
958 |a UK 
958 |a SK 
958 |a SS 
958 |a LX 
958 |a NM 
999 |c 3364751  |d 3366681